000
00300nam a22001337a 4500
008
171014b xxu||||| |||| 00| 0 eng d
020
_a
9780521173926
041
_a
eng
080
_a
330.101.541
100
_a
52
101
_a
MAK
245
_a
ENVIRONMENTAL ECONOMICS
_c
ENDRES, A
942
_2
udc
_c
BK
999
_c
33961
_d
33961